00497cam a22000977a 4500008004000000082001200040245022600052260005900278300000900337700005300346180718b1944 xxu||||| |||| 00| 0 eng d aZ09 Un3 aFirst report to the governments of the United Nations by the interim commission on food and agriculture and final act of the United Nations conference on food and Landscby Department of Education, Health and Lands, India aDelhibDepartment of Education, Health and Landsc1944 a66p. aIndia. Department of Education, Health and Lands